000 01148cam a22003014a 4500
001 13403162
003 OSt
005 20150408113747.0
008 031114s2004 flua b 001 0 eng
010 _a 2003065521
020 _a1584883081 (alk. paper)
040 _aDLC
_cDLC
_dDLC
042 _apcc
050 0 0 _aQA278
_b.A33 2004
082 0 0 _a519.535
_222
100 1 _aAfifi, A. A.
_q(Abdelmonem A.),
_d1939-
_98830
245 1 0 _aComputer-aided multivariate analysis /
_cAbdelmonem Afifi, Virginia A. Clark, and Susanne May.
250 _a4th ed.
260 _aBoca Raton :
_bChapman & Hall/CRC,
_cc2004.
300 _axvi, 489 p. :
_bill. ;
_c25 cm.
504 _aIncludes bibliographical references and index.
650 0 _aMultivariate analysis
_xData processing.
_98831
700 1 _aClark, Virginia,
_d1928-
_98832
700 1 _aMay, Susanne.
_98833
856 4 2 _3Publisher description
_uhttp://www.loc.gov/catdir/enhancements/fy0729/2003065521-d.html
942 _2ddc
_cBOOK
999 _c3583
_d238083